000 00519 a2200193 4500
005 20260424161941.0
008 260424b |||||||| |||| 00| 0 eng d
020 _a9789360800642
_cRs. 2095.00
040 _aMAIN
082 _a954.01
_bB179V
100 _aBakker, Hans T, ed.
245 _aVakataka heritage: Indian culture at the crossroads
260 _bManohar Publishers
_c2025
_aNew Delhi
300 _aviii, 196
650 _aHistory
650 _aIndia- History
650 _aAncient India
942 _cBK
999 _c394852
_d394852